000 00547nam a2200241Ia 4500
005 20260306150750.0
008 008 260114s9999 xx 000 0 eng d
020 _a9781800732537
037 _aEbook
040 _aCRL
040 _beng
040 _cCRL
041 _2eng
041 _aeng
084 _qCRL
245 0 _aGood Enough Mothers
260 _bBerghahn Books
260 _c2021
650 _aSocial Sciences
856 _uhttps://www.degruyter.com/isbn/9781800732537
942 _cEBOOK
999 _c1699445
_d1699445